| 000 | 00414nas a2200157 a 4500 | ||
|---|---|---|---|
| 003 | DLC | ||
| 005 | 20210219155948.0 | ||
| 008 | 080417c 9999 r1 0 0eng d | ||
| 022 | _a0890-2070 | ||
| 035 | _aUPN01000155498 | ||
| 245 | 0 | 0 | _aEUROPEAN JOURNAL OF PERSONALITY |
| 260 |
_aInglaterra _bEuropean Association of Personality Psychology |
||
| 653 | 0 | _aPERSONALIDAD | |
| 905 | _aRevista | ||
| 999 |
_c127613 _d127613 |
||